Generazioni dei Pokémon - Quiz n°13 - Statistics

Statistiche generali
  • Questo quiz è stato fatto 9 volte
  • Il punteggio medio è 11 su 15
Statistiche sulle risposte
Hint Risposta % Corretto
Raticate Prima
100%
Okidogi Nona
88%
Inteleon Ottava
88%
Luxio Quarta
88%
Lilligant Quinta
88%
Electrike Terza
88%
Wiglett Nona
75%
Eelektross Quinta
75%
Sigilyph Quinta
75%
Entei Seconda
75%
Orthworm Nona
63%
Carbink Sesta
63%
Steenee Settima
50%
Beautifly Terza
50%
Espathra Nona
38%
Nessun quiz corrispondente trovato
Distribuzione punteggi
Percentuale di utenti per punteggio
Percentile per numero di risposta
I tuoi punteggi nel tempo
Non hai fatto questo quiz